Normal view
MARC view
- Stepney, Paul
Entry Personal Name
001 - CONTROL NUMBER
- control field: 81021
003 - CONTROL NUMBER IDENTIFIER
- control field: NUST
005 - DATE AND TIME OF LATEST TRANSACTION
- control field: 20210719103256.0
008 - FIXED-LENGTH DATA ELEMENTS
- fixed length control field: 210719|| aca||aabn | a|a d
040 ## - CATALOGING SOURCE
- Original cataloging agency: NUST
- Transcribing agency: NUST
100 ## - HEADING--PERSONAL NAME
- Personal name: Stepney, Paul
670 ## - SOURCE DATA FOUND
- Source citation: Work cat.: (NUST)0: Social work models, methods and theories :, 2012.
